01822cam a22003974i 4500003000900000005001700009008004100026035002000067040003300087100005000120245026100170264001000431300002100441336002100462337002500483338002300508502005900531504002400590520061000614526001001224526001001234526000901244526000901253526000901262526000901271526000901280526000901289526000901298526000801307526000801315526000801323526000801331526000801339650003801347700003901385PE-LiUPU20250731165409.0151020s2009 pe a grm 000 0 spa d a(Sirsi) a154985 aPE-LiUPUbspacPE-LiUPUerda1 aEspinoza Rodríguez, Pamela Elizabetheautor1 aRelación entre el Nivel de Conocimiento del Profesional de Enfermería Sobre las Medidas de Bioseguridad y su Aplicación el Servicio de Medicina del Hospital Nacional "Hipólito Unanue" de Lima - Perú, 2009 /cPamela Elizabeth Espinoza Rodríguez. 0c2009. a93 hojas c30 cm atext2rdacontent aunmediated2rdamedia avolume2rdacarrier aTesisb(Lic.) -- cUniversidad Peruana Unión,d2009. aIncluye referencias3 aLa bioseguridad, es una doctrina de comportamientos encaminados a lograr actitudes y conductas que disminuyan el riesgo del trabajador de la salud de adquirir infecciones en el medio ambiente laboral. Es por esto importante señalar que los diferentes tipos de accidentes se presentan en todos los niveles de atención de salud, teniendo como factor común a los trabajadores de salud y entre ellos a las enfermeras que de alguna manera y como consecuencia de su trabajo especifico pueden estar en contacto con secreciones corporales, implementos punzo cortantes utilizados en pacientes de alto riesgo. aSEG44 aSEG26 aP151 aP150 aP149 aP146 aP145 aP126 aP125 aP92 aP75 aP74 aP27 aP1504aEnfermerasxMedidas de seguridad.1 aFlores Macuyama, Liz Yanetheautor